00811nas a2200229Ia 4500001002800000003001000028008004100038040002500079041001300104100002800117210002300145222002300168245006200191250001100253260000900264501012300273300001400396362002500410500011200435650002300547700001100570A06/R060-15671 [r000013977]IT-MiCISF161014c99999999xx |||||||||||| ||und|| aIT-MiCISFcIT-MiCISF aITALIANO aPollo Mario (a cura di) aAnimazione sociale aAnimazione sociale 0aLavorare per quale famiglia? Famiglia e politiche sociali a1a ed. c1995 bCISF - Centro Internazionale Studi Famiglia - Via Giotto, 36 20145 MILANO (non commercial uses only)cCopyright 2016 app. 29-54 an. 1, gennaio [1995] a Tema: famiglia, sociologia, cambiamenti-famiglia, funzione-famiglia, politiche-sociali, politica-familiare aFAMIGLIAvarticolo aAA.VV.